|
|
|
|
| LEADER |
01301nam a2200337 a 4500 |
| 001 |
EBC1129784 |
| 003 |
MiAaPQ |
| 005 |
20200520144314.0 |
| 006 |
m o d | |
| 007 |
cr cn||||||||| |
| 008 |
130313s2013 qeaa s 001 0 eng d |
| 020 |
|
|
|z 9781118606261
|
| 020 |
|
|
|a 9781118606285 (electronic bk.)
|
| 035 |
|
|
|a (MiAaPQ)EBC1129784
|
| 035 |
|
|
|a (Au-PeEL)EBL1129784
|
| 035 |
|
|
|a (CaPaEBR)ebr10662557
|
| 035 |
|
|
|a (CaONFJC)MIL455506
|
| 035 |
|
|
|a (OCoLC)829460526
|
| 040 |
|
|
|a MiAaPQ
|c MiAaPQ
|d MiAaPQ
|
| 050 |
|
4 |
|a HD69.P75
|b C66 2013
|
| 100 |
1 |
|
|a Cook, Peter.
|
| 245 |
1 |
4 |
|a The new rules of management
|h [electronic resource] :
|b how to revolutionise productivity, innovation and engagement by implementing projects that matter /
|c Peter Cook.
|
| 260 |
|
|
|a Milton, Qld. :
|b Wiley,
|c 2013.
|
| 300 |
|
|
|a xiii, 229 p. :
|b ill.
|
| 500 |
|
|
|a Includes index.
|
| 505 |
0 |
|
|a pt. 1. Personal -- pt. 2. Team -- pt. 3. Organisation.
|
| 533 |
|
|
|a Electronic reproduction. Ann Arbor, MI : ProQuest, 2015. Available via World Wide Web. Access may be limited to ProQuest affiliated libraries.
|
| 650 |
|
0 |
|a Project management.
|
| 655 |
|
4 |
|a Electronic books.
|
| 710 |
2 |
|
|a ProQuest (Firm)
|
| 856 |
4 |
0 |
|u https://ebookcentral.proquest.com/lib/matrademy/detail.action?docID=1129784
|z Click to View
|